[Event "Titled Tuesday intern op 26th Sep Early"]
[Site "Chess.com INT"]
[Date "2023.09.26"]
[Round "7"]
[White "Perez de Miguel, Alvaro"]
[Black "Novikov, Evgenij"]
[Result "1-0"]
[WhiteElo "2276"]
[BlackElo "2276"]
[PlyCount "137"]
[EventDate "2023.09.26"]
[EventType "swiss (blitz)"]
[EventRounds "11"]
[EventCountry "USA"]
[SourceTitle "EXT 2024"]
[Source "ChessBase"]
[SourceDate "2023.10.10"]
[SourceVersion "1"]
[SourceVersionDate "2023.10.10"]
[SourceQuality "1"]

1. d4 Nf6 2. c4 c5 3. d5 b5 4. Nf3 g6 5. Qc2 Bg7 6. e4 d6 7. cxb5 0-0 8. Nc3 a6 9. a4 axb5 10. Bxb5 Na6 11. 0-0 Nb4 12. Qe2 Bg4 13. Be3 Nd7 14. h3 Bxf3 15. gxf3 f5 16. Ra3 f4 17. Bc1 Bd4 18. Kg2 g5 19. Rg1 Kh8 20. Kf1 e5 21. dxe6 Ne5 22. Nd5 Nxd5 23. exd5 Rb8 24. a5 Rxb5 25. Qxb5 Qa8 26. e7 Re8 27. a6 Rxe7 28. Rxg5 h6 29. Rxe5 Rxe5 30. Bxf4 Rf5 31. a7 Rxf4 32. Qb8+ Rf8 33. Qxf8+ Qxf8 34. a8Q Qxa8 35. Rxa8+ Kg7 36. b3 Kf6 37. Re8 Be5 38. Ke2 h5 39. Rf8+ Kg7 40. Re8 Kf6 41. Ke3 Kf5 42. Rf8+ Kg6 43. f4 Bd4+ 44. Kf3 Kg7 45. Rd8 c4 46. bxc4 Bc5 47. Ke4 Kf6 48. Rf8+ Kg7 49. Rd8 Kf7 50. f5 Ke7 51. Rh8 Bxf2 52. Rxh5 Bc5 53. Rh6 Kf7 54. Re6 Kg7 55. h4 Kf7 56. h5 Kg7 57. h6+ Kh7 58. Kf4 Ba3 59. Kg4 Bb4 60. Kh5 Bc5 61. Re7+ Kg8 62. Kg6 Kf8 63. Rb7 Bd4 64. Rb8+ Ke7 65. f6+ Bxf6 66. Rb7+ Kd8 67. Kxf6 Kc8 68. Rf7 Kd8 69. h7 1-0

[Event "Titled Tuesday intern op 05th Sep Early"]
[Site "Chess.com INT"]
[Date "2023.09.05"]
[Round "1"]
[White "Ianovsky, Matias Manuel"]
[Black "Perez de Miguel, Alvaro"]
[Result "1-0"]
[WhiteElo "2218"]
[BlackElo "2276"]
[PlyCount "67"]
[EventDate "2023.09.05"]
[EventType "swiss (blitz)"]
[EventRounds "11"]
[EventCountry "USA"]
[SourceTitle "EXT 2024"]
[Source "ChessBase"]
[SourceDate "2023.10.10"]
[SourceVersion "1"]
[SourceVersionDate "2023.10.10"]
[SourceQuality "1"]

1. d4 Nf6 2. Nf3 e6 3. c4 d5 4. g3 Bb4+ 5. Bd2 Be7 6. Bg2 0-0 7. Nc3 c6 8. 0-0 b6 9. Ne5 Bb7 10. Bf4 Nbd7 11. Qc2 Nh5 12. Be3 Nhf6 13. Rad1 Bd6 14. Bf4 Qe7 15. cxd5 exd5 16. Qf5 Rfe8 17. Nd3 Ne4 18. Rfe1 Bb4 19. Rc1 g6 20. Qg4 Ndf6 21. Qf3 Rad8 22. Ne5 Bd6 23. h4 Nh5 24. Bh6 Bxe5 25. dxe5 Qxe5 26. Nxe4 dxe4 27. Qa3 e3 28. Qxe3 Qxe3 29. Bxe3 Nxg3 30. Bg5 Nxe2+ 31. Rxe2 Rxe2 32. Bxd8 Rxb2 33. Bf6 Rxa2 34. Rd1 1-0

[Event "Titled Tuesday intern op 29th Aug Early"]
[Site "Chess.com INT"]
[Date "2023.08.29"]
[Round "10"]
[White "Perez de Miguel, Alvaro"]
[Black "Diaz Garcia, Lianet"]
[Result "1-0"]
[WhiteElo "2276"]
[BlackElo "1999"]
[PlyCount "67"]
[EventDate "2023.08.29"]
[EventType "swiss (blitz)"]
[EventRounds "11"]
[EventCountry "USA"]
[SourceTitle "EXT 2024"]
[Source "ChessBase"]
[SourceDate "2023.10.10"]
[SourceVersion "1"]
[SourceVersionDate "2023.10.10"]
[SourceQuality "1"]

1. d4 d5 2. c4 c6 3. Nc3 Nf6 4. e3 g6 5. Nf3 Bg7 6. Be2 0-0 7. 0-0 Bg4 8. b3 e6 9. h3 Bxf3 10. Bxf3 Nbd7 11. Bb2 Re8 12. Rc1 dxc4 13. bxc4 e5 14. Qb3 Qb6 15. Rfd1 exd4 16. exd4 Qxb3 17. axb3 a6 18. d5 Ne5 19. Be2 cxd5 20. cxd5 Rac8 21. Na4 Ned7 22. Bf3 b5 23. Nc3 Bh6 24. Ra1 Nc5 25. Ne2 Nfd7 26. b4 Na4 27. Bd4 Bg7 28. Bg4 Bxd4 29. Nxd4 Rc7 30. Nc6 Rec8 31. Ne7+ Kf8 32. Nxc8 Rxc8 33. Bxd7 Rd8 34. Bc6 1-0

[Event "Titled Tuesday intern op 25th Apr Early"]
[Site "Chess.com INT"]
[Date "2023.04.25"]
[Round "7"]
[White "Perez de Miguel, Alvaro"]
[Black "Ciuffoletti, Paolo"]
[Result "1-0"]
[WhiteElo "2279"]
[BlackElo "2106"]
[PlyCount "45"]
[EventDate "2023.04.25"]
[EventType "swiss (blitz)"]
[EventRounds "11"]
[EventCountry "USA"]
[SourceTitle "EXT 2024"]
[Source "ChessBase"]
[SourceDate "2023.10.10"]
[SourceVersion "1"]
[SourceVersionDate "2023.10.10"]
[SourceQuality "1"]

1. d4 d5 2. c4 c6 3. Nc3 Nf6 4. Nf3 dxc4 5. a4 e6 6. e4 Bb4 7. e5 Nd5 8. Qc2 b5 9. Bd2 Bxc3 10. bxc3 0-0 11. Ng5 f5 12. exf6 Nxf6 13. Be2 h6 14. Ne4 Nxe4 15. Qxe4 Qd5 16. Bf3 bxa4 17. Qg6 Qf5 18. Qg3 Kh8 19. 0-0 Nd7 20. Rfe1 Nf6 21. Bxc6 Rb8 22. Qxb8 Ng4 23. Bf3 1-0

[Event "Titled Tuesday intern op 25th Apr Early"]
[Site "Chess.com INT"]
[Date "2023.04.25"]
[Round "6"]
[White "Toncheva, Nadya"]
[Black "Perez de Miguel, Alvaro"]
[Result "1-0"]
[WhiteElo "2295"]
[BlackElo "2279"]
[PlyCount "79"]
[EventDate "2023.04.25"]
[EventType "swiss (blitz)"]
[EventRounds "11"]
[EventCountry "USA"]
[SourceTitle "EXT 2024"]
[Source "ChessBase"]
[SourceDate "2023.10.10"]
[SourceVersion "1"]
[SourceVersionDate "2023.10.10"]
[SourceQuality "1"]

1. d4 Nf6 2. c4 e6 3. Nc3 d5 4. cxd5 exd5 5. Bg5 Be7 6. e3 c6 7. Bd3 Nbd7 8. Qc2 Nf8 9. 0-0-0 Ne6 10. Bxf6 Bxf6 11. f4 Qa5 12. Nf3 Bd7 13. g4 0-0-0 14. Kb1 Rhe8 15. g5 Be7 16. Ne5 Rf8 17. h4 f6 18. Nxd7 Rxd7 19. Bf5 Rd6 20. Bxh7 Kb8 21. Bd3 Nc7 22. Rdf1 Re6 23. Nd1 Nb5 24. gxf6 Bxf6 25. h5 Rfe8 26. h6 gxh6 27. Rxh6 Qb4 28. Bxb5 Qxb5 29. Rg1 a5 30. f5 Rd6 31. Rgg6 Rf8 32. a3 Qf1 33. Ka2 Kc7 34. Nc3 Be7 35. Rxd6 Bxd6 36. Nxd5+ Kb8 37. Rxd6 cxd5 38. Rd7 Rc8 39. Qb3 Rc1 40. Qxb7# 1-0

[Event "Titled Tuesday intern op 21st Mar Early"]
[Site "Chess.com INT"]
[Date "2023.03.21"]
[Round "8"]
[White "Donskov, Anatoly"]
[Black "Perez de Miguel, Alvaro"]
[Result "1-0"]
[WhiteElo "2279"]
[BlackElo "2280"]
[PlyCount "65"]
[EventDate "2023.03.21"]
[EventType "swiss (blitz)"]
[EventRounds "11"]
[EventCountry "USA"]
[SourceTitle "EXT 2024"]
[Source "ChessBase"]
[SourceDate "2023.10.10"]
[SourceVersion "1"]
[SourceVersionDate "2023.10.10"]
[SourceQuality "1"]

1. e4 c6 2. d4 d5 3. Nc3 dxe4 4. Nxe4 Nf6 5. Nxf6+ exf6 6. c3 Bd6 7. Bd3 0-0 8. Ne2 Re8 9. Qc2 h5 10. Be3 Be6 11. 0-0-0 Bxa2 12. c4 b5 13. c5 Bc7 14. b3 Bxb3 15. Qxb3 a5 16. Nf4 a4 17. Qa3 Na6 18. Bc2 b4 19. Qxa4 Nxc5 20. Qxb4 Ne4 21. d5 Bd6 22. Qc4 Ba3+ 23. Kb1 Qb8+ 24. Bb3 Qe5 25. Nd3 Nc3+ 26. Kc2 cxd5 27. Qxc3 Qf5 28. Kd2 Rac8 29. Qd4 Re4 30. Qxd5 Bb4+ 31. Ke2 Qg4+ 32. Kf1 Rxe3 33. fxe3 1-0

[Event "Titled Tuesday intern op 21st Mar Early"]
[Site "Chess.com INT"]
[Date "2023.03.21"]
[Round "5"]
[White "Perez de Miguel, Alvaro"]
[Black "Aizenberg, Benny"]
[Result "0-1"]
[WhiteElo "2280"]
[BlackElo "2367"]
[PlyCount "46"]
[EventDate "2023.03.21"]
[EventType "swiss (blitz)"]
[EventRounds "11"]
[EventCountry "USA"]
[SourceTitle "EXT 2024"]
[Source "ChessBase"]
[SourceDate "2023.10.10"]
[SourceVersion "1"]
[SourceVersionDate "2023.10.10"]
[SourceQuality "1"]

1. d4 Nf6 2. Nf3 e6 3. c4 c5 4. d5 b5 5. Bg5 h6 6. Bxf6 Qxf6 7. Qc2 bxc4 8. Nc3 d6 9. e4 Be7 10. Bxc4 0-0 11. 0-0 Nd7 12. dxe6 fxe6 13. Qb3 Nb6 14. e5 dxe5 15. Ne4 Qf5 16. Ng3 Qf6 17. Ne4 Qg6 18. Bd3 Rxf3 19. Nxc5 e4 20. Bxe4 Rxb3 21. Bxg6 Rxb2 22. Nxe6 Bxe6 23. Rae1 Bc4 0-1

[Event "Titled Tuesday intern op 21st Mar Late"]
[Site "Chess.com INT"]
[Date "2023.03.21"]
[Round "2"]
[White "Perez de Miguel, Alvaro"]
[Black "Koutlas, Nikolaos"]
[Result "1/2-1/2"]
[WhiteElo "2280"]
[BlackElo "2305"]
[PlyCount "68"]
[EventDate "2023.03.21"]
[EventType "swiss (blitz)"]
[EventRounds "11"]
[EventCountry "USA"]
[SourceTitle "EXT 2024"]
[Source "ChessBase"]
[SourceDate "2023.10.10"]
[SourceVersion "1"]
[SourceVersionDate "2023.10.10"]
[SourceQuality "1"]

1. d4 e6 2. c4 a6 3. Nf3 b5 4. b3 Bb7 5. e3 Nf6 6. Bd3 c5 7. 0-0 cxd4 8. exd4 Be7 9. cxb5 axb5 10. Bxb5 h5 11. Nc3 h4 12. h3 Qa5 13. Bd2 Bb4 14. a4 Bxc3 15. Bxc3 Qxc3 16. Rc1 Qb4 17. Rc7 Ba6 18. Ne5 0-0 19. Rc4 Qd6 20. Ng4 Nxg4 21. Qxg4 Nc6 22. Qxh4 Bxb5 23. axb5 Na5 24. Rc5 g6 25. Rh5 gxh5 26. Qg5+ Kh7 27. Qxh5+ Kg7 28. Qg5+ Kh8 29. Qh6+ Kg8 30. Qg5+ Kh8 31. Qh6+ Kg8 32. Qg5+ Kh7 33. Qh5+ Kg7 34. Qg5+ Kh8 1/2-1/2

[Event "Titled Tuesday intern op 21st Mar Late"]
[Site "Chess.com INT"]
[Date "2023.03.21"]
[Round "8"]
[White "Perez de Miguel, Alvaro"]
[Black "Urbina Perez, Juan Antonio"]
[Result "0-1"]
[WhiteElo "2280"]
[BlackElo "2263"]
[PlyCount "92"]
[EventDate "2023.03.21"]
[EventType "swiss (blitz)"]
[EventRounds "11"]
[EventCountry "USA"]
[SourceTitle "EXT 2024"]
[Source "ChessBase"]
[SourceDate "2023.10.10"]
[SourceVersion "1"]
[SourceVersionDate "2023.10.10"]
[SourceQuality "1"]

1. d4 d5 2. c4 c6 3. Nc3 Nf6 4. e3 a6 5. Bd3 e6 6. Nf3 dxc4 7. Bxc4 b5 8. Be2 c5 9. e4 cxd4 10. Qxd4 Qxd4 11. Nxd4 Bb7 12. f3 Nc6 13. Be3 Rd8 14. 0-0-0 Bc5 15. Nc2 Bxe3+ 16. Nxe3 Ke7 17. Rxd8 Rxd8 18. Rd1 Rxd1+ 19. Kxd1 Nd7 20. a4 b4 21. Na2 a5 22. Nc1 Nc5 23. b3 g6 24. Kd2 f5 25. exf5 gxf5 26. Bc4 Ne5 27. Nd3 Nexd3 28. Bxd3 Nxb3+ 29. Kc2 Nd4+ 30. Kb2 Bc6 31. Nc4 Bxa4 32. Nxa5 Bc6 33. Nxc6+ Nxc6 34. Kb3 Kd6 35. Bc4 Kc5 36. Ba6 Nd4+ 37. Kb2 e5 38. Bb7 h6 39. Bc8 f4 40. g4 Nxf3 41. Bf5 Nd4 42. Be4 Nb5 43. h4 Nc3 44. Bd3 e4 45. Bf1 Nd1+ 46. Kc2 Ne3+ 0-1

[Event "Titled Tuesday intern op 28th Feb Early"]
[Site "Chess.com INT"]
[Date "2023.02.28"]
[Round "1"]
[White "Perez de Miguel, Alvaro"]
[Black "Crevatin, Leo"]
[Result "0-1"]
[WhiteElo "2297"]
[BlackElo "2302"]
[PlyCount "102"]
[EventDate "2023.02.28"]
[EventType "swiss (blitz)"]
[EventRounds "11"]
[EventCountry "USA"]
[SourceTitle "CBM 213 Extra"]
[Source "ChessBase"]
[SourceDate "2023.05.31"]
[SourceVersion "1"]
[SourceVersionDate "2023.05.31"]
[SourceQuality "1"]

1. d4 Nf6 2. c4 e6 3. Nf3 d5 4. Nc3 Bb4 5. e3 0-0 6. Bd2 Nbd7 7. Bd3 dxc4 8. Bxc4 Bd6 9. 0-0 e5 10. Nb5 e4 11. Nxd6 cxd6 12. Ne1 Nb6 13. Be2 Be6 14. f3 Nc4 15. Bc1 Re8 16. b3 Nb6 17. f4 Rc8 18. Ba3 Nbd5 19. f5 Nxe3 20. Qd2 Nxf1 21. Bxf1 Bxf5 22. Nc2 Nd5 23. Ne3 Nxe3 24. Qxe3 d5 25. Bb5 Re6 26. Rf1 Bg6 27. h3 h5 28. Rc1 Rxc1+ 29. Bxc1 Qa5 30. Qe2 e3 31. Bxe3 Qc3 32. Bd2 Qxd4+ 33. Qf2 Qxf2+ 34. Kxf2 Be4 35. Be3 a6 36. Be2 g6 37. g3 f6 38. Bd4 Kf7 39. h4 Rc6 40. Ke3 Rc2 41. a4 Ke6 42. b4 Ra2 43. a5 Ra4 44. Bc5 Ra3+ 45. Kf2 Ke5 46. Bb6 d4 47. Bc4 Rf3+ 48. Ke2 d3+ 49. Kd2 Kf5 50. Bc7 Rf2+ 51. Ke1 Rc2 0-1

[Event "Titled Tuesday intern op 28th Feb Early"]
[Site "Chess.com INT"]
[Date "2023.02.28"]
[Round "3"]
[White "Sokac, Marko"]
[Black "Perez de Miguel, Alvaro"]
[Result "0-1"]
[WhiteElo "2265"]
[BlackElo "2297"]
[PlyCount "90"]
[EventDate "2023.02.28"]
[EventType "swiss (blitz)"]
[EventRounds "11"]
[EventCountry "USA"]
[SourceTitle "CBM 213 Extra"]
[Source "ChessBase"]
[SourceDate "2023.05.31"]
[SourceVersion "1"]
[SourceVersionDate "2023.05.31"]
[SourceQuality "1"]

1. e4 c6 2. Nc3 d5 3. d3 g6 4. h4 h6 5. h5 g5 6. f4 gxf4 7. Bxf4 Bg7 8. Nge2 e5 9. Bg3 d4 10. Nb1 Nf6 11. Ng1 Ng4 12. Bf2 Nxf2 13. Kxf2 Be6 14. Nd2 Nd7 15. Be2 Nf6 16. Ngf3 Ng4+ 17. Kg3 Bf6 18. Nxd4 Qxd4 19. Bxg4 Rg8 20. Nf3 Rxg4+ 21. Kh2 Qe3 22. Re1 Qf4+ 23. Kh1 0-0-0 24. Qe2 Rdg8 25. Rf1 Rg3 26. Nh2 Qh4 27. Rf2 Bg5 28. Raf1 Bf4 29. c3 Bg4 30. Rxf4 exf4 31. Rxf4 Qxh5 32. Qf2 Bd7 33. Rxf7 Qg5 34. Qxa7 Rxg2 35. Qa8+ Kc7 36. Rxd7+ Kxd7 37. Qxb7+ Ke8 38. Qxc6+ Kf7 39. Qd7+ Kf8 40. Qc8+ Kg7 41. Qd7+ Kh8 42. Qd4+ Kh7 43. Qd7+ Rg7 44. Qd4 Rxh2+ 45. Kxh2 Qh4# 0-1

[Event "Titled Tuesday intern op 21st Feb Early"]
[Site "Chess.com INT"]
[Date "2023.02.21"]
[Round "2"]
[White "Perez de Miguel, Alvaro"]
[Black "Garv, Gaur"]
[Result "0-1"]
[WhiteElo "2297"]
[BlackElo "1912"]
[PlyCount "74"]
[EventDate "2023.02.21"]
[EventType "swiss (blitz)"]
[EventRounds "11"]
[EventCountry "USA"]
[SourceTitle "CBM 212 Extra"]
[Source "ChessBase"]
[SourceDate "2023.03.31"]
[SourceVersion "1"]
[SourceVersionDate "2023.03.31"]
[SourceQuality "1"]

1. d4 Nf6 2. c4 e6 3. Nf3 b6 4. g3 Ba6 5. Qc2 c5 6. d5 Bb7 7. Bg2 exd5 8. cxd5 Bxd5 9. Nc3 Bb7 10. e4 d6 11. 0-0 Nc6 12. Rd1 Nd7 13. Bf4 Nce5 14. Nxe5 dxe5 15. Bxe5 Qe7 16. Bd6 Qe6 17. Nb5 Rc8 18. Nc7+ Rxc7 19. Bxc7 Be7 20. Qb3 Qc6 21. Qd5 Qxc7 22. Qf5 Bc8 23. Bh3 g6 24. Qd5 0-0 25. Bxd7 Rd8 26. Qc4 Bxd7 27. Qc2 Re8 28. Rd2 Bc6 29. Rad1 Bf6 30. Rd6 Bxe4 31. Qd2 Bd4 32. Rxd4 cxd4 33. Qxd4 Bf3 34. Rf1 Qc8 35. Qh4 Qf5 36. h3 Bd5 37. Kh2 Qf3 0-1

[Event "Titled Tuesday intern op 21st Feb Early"]
[Site "Chess.com INT"]
[Date "2023.02.21"]
[Round "9"]
[White "Perez de Miguel, Alvaro"]
[Black "Padmini, Rout"]
[Result "0-1"]
[WhiteElo "2297"]
[BlackElo "2389"]
[PlyCount "62"]
[EventDate "2023.02.21"]
[EventType "swiss (blitz)"]
[EventRounds "11"]
[EventCountry "USA"]
[SourceTitle "CBM 212 Extra"]
[Source "ChessBase"]
[SourceDate "2023.03.31"]
[SourceVersion "1"]
[SourceVersionDate "2023.03.31"]
[SourceQuality "1"]

1. d4 Nf6 2. c4 e6 3. Nf3 d5 4. Nc3 c5 5. e3 Nc6 6. a3 dxc4 7. Bxc4 a6 8. 0-0 b5 9. Ba2 Bb7 10. Qe2 Be7 11. Rd1 c4 12. e4 Qc7 13. d5 Ne5 14. Nxe5 Qxe5 15. f4 Bc5+ 16. Kh1 Qh5 17. Qxh5 Nxh5 18. Ne2 Nf6 19. Ng3 Ng4 20. Rf1 Nf2+ 21. Kg1 Nxe4+ 22. Kh1 Nxg3+ 23. hxg3 Bxd5 24. a4 h5 25. Bd2 h4 26. Kh2 f5 27. axb5 axb5 28. Bxc4 Rxa1 29. Bxb5+ Kf7 30. Rxa1 Bf2 31. Be1 hxg3# 0-1

[Event "Titled Tuesday intern op 21st Feb Early"]
[Site "Chess.com INT"]
[Date "2023.02.21"]
[Round "6"]
[White "Perez de Miguel, Alvaro"]
[Black "Sanchez, Roberto Daniel"]
[Result "1-0"]
[WhiteElo "2297"]
[BlackElo "1971"]
[PlyCount "119"]
[EventDate "2023.02.21"]
[EventType "swiss (blitz)"]
[EventRounds "11"]
[EventCountry "USA"]
[SourceTitle "CBM 212 Extra"]
[Source "ChessBase"]
[SourceDate "2023.03.31"]
[SourceVersion "1"]
[SourceVersionDate "2023.03.31"]
[SourceQuality "1"]

1. d4 Nf6 2. c4 e6 3. Nf3 Bb4+ 4. Nbd2 b6 5. g3 Bb7 6. Bg2 0-0 7. 0-0 Be7 8. Qc2 d5 9. Ne5 Nbd7 10. Rd1 c5 11. Nxd7 Qxd7 12. dxc5 Bxc5 13. Ne4 Nxe4 14. Bxe4 f5 15. Bf3 Rac8 16. Bf4 Qe7 17. Qa4 e5 18. cxd5 exf4 19. d6 Bxf2+ 20. Kf1 Qe3 21. Bxb7 Rce8 22. Qb3+ Qxb3 23. axb3 fxg3 24. d7 Rd8 25. hxg3 Bxg3 26. Rxa7 Kf7 27. Bc8 h5 28. Rb7 h4 29. Kg2 Be5 30. Rxb6 g5 31. Rb5 Bf6 32. Rxf5 Kg6 33. Rdf1 g4 34. e4 h3+ 35. Kg3 Be7 36. Rxf8 Bxf8 37. Kxg4 h2 38. Rh1 Bd6 39. Kf3 Kf6 40. Kg2 Ke6 41. Rd1 Be5 42. Rd5 Bxb2 43. Kxh2 Be5+ 44. Kg2 Rf8 45. b4 Rd8 46. b5 Bb8 47. b6 Ke7 48. b7 Ke6 49. Kf3 Ke7 50. Ke2 Ke6 51. Kd3 Ke7 52. Kc4 Ke6 53. Kc5 Ke7 54. Kc6 Ke6 55. Ra5 Ke7 56. Rh5 Bf4 57. Rh7+ Ke6 58. Rh4 Be5 59. Rh5 Ke7 60. Rxe5+ 1-0

[Event "Titled Tuesday intern op 14th Feb Early"]
[Site "Chess.com INT"]
[Date "2023.02.14"]
[Round "8"]
[White "Nguyen, Hong Nhung"]
[Black "Perez de Miguel, Alvaro"]
[Result "1-0"]
[WhiteElo "2003"]
[BlackElo "2297"]
[PlyCount "99"]
[EventDate "2023.02.14"]
[EventType "swiss (blitz)"]
[EventRounds "11"]
[EventCountry "USA"]
[SourceTitle "CBM 212 Extra"]
[Source "ChessBase"]
[SourceDate "2023.03.31"]
[SourceVersion "1"]
[SourceVersionDate "2023.03.31"]
[SourceQuality "1"]

1. e4 c6 2. d4 d5 3. Nc3 dxe4 4. Nxe4 Nf6 5. Nxf6+ exf6 6. c3 Bd6 7. Bd3 0-0 8. Qc2 Re8+ 9. Ne2 h5 10. Be3 h4 11. 0-0-0 Be6 12. Kb1 Qa5 13. Nc1 Nd7 14. Rde1 Rac8 15. f4 f5 16. Bf2 Bxf4 17. Nb3 Qa4 18. Bxf5 Nf8 19. Bxh4 c5 20. Bxe6 Rxe6 21. Nxc5 Rxe1+ 22. Rxe1 Qc6 23. g3 Bd6 24. Nd3 Ne6 25. g4 Nxd4 26. Qf2 Nf3 27. Rf1 Nxh4 28. Qxf7+ Kh7 29. Qh5+ Kg8 30. Qxh4 Qe4 31. Rd1 Be7 32. Qe1 Rc4 33. Qxe4 Rxe4 34. h3 Re3 35. Nf4 Bg5 36. Ng6 Rxh3 37. Rd7 Kh7 38. Nf8+ Kg8 39. Ne6 Be3 40. Rxg7+ Kh8 41. Rxb7 Rh6 42. Rb8+ Kh7 43. Nf8+ Kg7 44. Nd7 Rd6 45. Rb7 Kg6 46. Kc2 Kg5 47. Ne5 Bf4 48. Nc4 Rc6 49. Kd3 Kxg4 50. Rxa7 1-0

[Event "Titled Tuesday intern op 14th Feb Early"]
[Site "Chess.com INT"]
[Date "2023.02.14"]
[Round "10"]
[White "Perez de Miguel, Alvaro"]
[Black "Necula, Iulian"]
[Result "0-1"]
[WhiteElo "2297"]
[BlackElo "1882"]
[PlyCount "60"]
[EventDate "2023.02.14"]
[EventType "swiss (blitz)"]
[EventRounds "11"]
[EventCountry "USA"]
[SourceTitle "CBM 212 Extra"]
[Source "ChessBase"]
[SourceDate "2023.03.31"]
[SourceVersion "1"]
[SourceVersionDate "2023.03.31"]
[SourceQuality "1"]

1. d4 d6 2. Bg5 h6 3. Bh4 g5 4. Bg3 f5 5. e3 Nf6 6. Bd3 e6 7. c4 Qe7 8. Qc2 Nc6 9. d5 Ne5 10. Bxe5 dxe5 11. dxe6 Qxe6 12. c5 e4 13. Bc4 Qe5 14. c6 Bb4+ 15. Nc3 b5 16. Bb3 a5 17. a4 Bxc3+ 18. bxc3 b4 19. Ne2 Ba6 20. 0-0 Bd3 21. Qd2 Rd8 22. Nd4 Bxf1 23. Rxf1 Ng4 24. g3 h5 25. cxb4 h4 26. f4 exf3 27. Nxf3 Rxd2 28. Nxe5 Nxe5 29. Rxf5 Nxc6 30. b5 Nb4 0-1

[Event "Titled Tuesday intern op 07th Feb Early"]
[Site "Chess.com INT"]
[Date "2023.02.07"]
[Round "4"]
[White "Fiorito, Francisco"]
[Black "Perez de Miguel, Alvaro"]
[Result "1-0"]
[WhiteElo "2299"]
[BlackElo "2297"]
[PlyCount "53"]
[EventDate "2023.02.07"]
[EventType "swiss (blitz)"]
[EventRounds "11"]
[EventCountry "USA"]
[SourceTitle "EXT 2024"]
[Source "ChessBase"]
[SourceDate "2023.10.10"]
[SourceVersion "1"]
[SourceVersionDate "2023.10.10"]
[SourceQuality "1"]

1. d4 Nf6 2. Nc3 d5 3. Bf4 c5 4. e3 Nc6 5. Nb5 e5 6. dxe5 Ne4 7. e6 Bxe6 8. Nc7+ Kd7 9. Nxd5 Bd6 10. Bxd6 Nxd6 11. Nf3 Bxd5 12. Qxd5 Qf6 13. c3 Kc7 14. Qxc5 Ne4 15. Qc4 Rhe8 16. Be2 Rac8 17. 0-0 Kb8 18. Qa4 g5 19. Rad1 g4 20. Nd4 Ne5 21. Nb5 a6 22. Nd4 Ng5 23. Kh1 Qh6 24. Nf5 Qg6 25. Nd6 g3 26. fxg3 Ne4 27. Qxe4 1-0